czasowniki nieregularne niemiecki - Statystyki

Ogólne statystyki
  • Ten quiz został rozwiązany 20 razy
  • Średni wynik to 40 z 86
Statystyki odpowiedzi
Hint answer % Poprawnych
essen as
80%
beginnen begann
70%
begonnen
70%
bleiben blieb
60%
denken dachte
60%
finden fand
60%
fahren fuhr
60%
geben gab
60%
geflogen
60%
gegessen
60%
gelassen
60%
geschwommen
60%
gehen ging
60%
kommen kam
60%
liegen lag
60%
lesen las
60%
bringen brachte
50%
fliegen fllog
50%
geblieben
50%
gedacht
50%
gefahren
50%
gefallen
50%
gefunden
50%
gegangen
50%
gegeben
50%
gehalten
50%
gekommen
50%
geladen
50%
gelaufen
50%
gelesen
50%
genommen
50%
geritten
50%
gerufen
50%
geschlafen
50%
geschlossen
50%
geschrieben
50%
gesehen
50%
gesprochen
50%
gesprungen
50%
gesungen
50%
getroffen
50%
gewaschen
50%
gewesen
50%
kennen kannte
50%
laufen lief
50%
lassen lies
50%
nehmen nahm
50%
sehen sah
50%
singen sang
50%
schreiben schrieb
50%
schwimmen schwamm
50%
sprachen sprach
50%
springen sprang
50%
trinken trank
50%
sein war
50%
bieten bot
40%
fallen fiel
40%
geboten
40%
gebracht
40%
gekannt
40%
gerannt
40%
gesessen
40%
gestanden
40%
getrunken
40%
geworden
40%
gewusst
40%
gezogen
40%
halten hielt
40%
rennen rannte
40%
reiten ritt
40%
sitzen sas
40%
schlafen schlief
40%
schliesen schlos
40%
stehen stand
40%
treffen traf
40%
tragen trug
40%
werden wurde
40%
wissen wusste
40%
gelegen
30%
laden lud
30%
rufen rief
30%
schneiden schnitt
30%
ziehen zog
30%
waschen wusch
20%
geshnitten
0%
gestragen
0%
Nie znaleziono quizów pasujących do podanych kryteriów
Rozkład punktacji
Procent ludzi z każdym wynikiem
Percentyl według liczby udzielonych odpowiedzi
Twoja historia wyników
Nie rozwiązałeś tego quizu